000 00379nam a2200145Ia 4500
008 151213s9999 xx 000 0 und d
100 _aM. Chacholfudes
245 _aThe Pure Theory of International Trade
_cM. Chacholfudes
260 _aChicago
_bAldine
_c1973
300 _a2693 p.
650 _aManagement
650 _aManagement
700 _aM. Chacholfudes
999 _c1805
_d1805